[Event "Vratsa op (Women)"]
[Site "Vratsa"]
[Date "2015.07.23"]
[Round "5"]
[White "Bukhteeva, Viktoria"]
[Black "Raeva, Elitsa"]
[Result "1-0"]
[WhiteElo "2163"]
[BlackElo "2278"]
[PlyCount "135"]
[EventDate "2015.07.20"]
[EventType "swiss"]
[EventRounds "9"]
[EventCountry "BUL"]
[SourceTitle "CBM 167 Extra"]
[Source "ChessBase"]
[SourceDate "2015.09.14"]
[SourceVersion "1"]
[SourceVersionDate "2015.09.14"]
[SourceQuality "1"]

1. e4 e5 2. Nf3 Nc6 3. d4 exd4 4. Nxd4 d6 5. Nc3 Nf6 6. Bf4 Bd7 7. Qd2 Be7 8. 0-0-0 0-0 9. f3 Ne5 10. Be2 a6 11. g4 b5 12. g5 Nh5 13. Be3 Re8 14. Rhg1 c5 15. Nf5 Bxf5 16. exf5 Bf8 17. f4 Nc4 18. Bxc4 bxc4 19. Nd5 Rb8 20. Qe2 g6 21. Qxc4 Qc8 22. f6 Qf5 23. Rge1 Re4 24. Qxa6 Nxf4 25. Bxf4 Rxe1 26. Rxe1 Qxd5 27. Rd1 Qf5 28. Rf1 Qd5 29. Rd1 Qe4 30. Bd2 Ra8 31. Qd3 Qe6 32. a3 d5 33. Re1 Qc6 34. Re5 d4 35. Qe4 Qa4 36. Qd5 Rb8 37. h4 Qb5 38. b3 Qf1+ 39. Re1 Qa6 40. a4 h5 41. gxh6 Qxf6 42. Bg5 Qf2 43. Qe5 d3 44. Bd2 Rd8 45. Qf4 Qxf4 46. Bxf4 Kh7 47. cxd3 Rxd3 48. Kc2 Rd4 49. Bg5 Bxh6 50. Re5 c4 51. bxc4 Rxc4+ 52. Kb3 Rc7 53. Re7 Rxe7 54. Bxe7 f5 55. a5 Be3 56. a6 Ba7 57. Bg5 Kg7 58. Kc4 Kf7 59. Kd5 Bg1 60. Bf4 Ba7 61. Bd6 Kf6 62. Be5+ Kf7 63. Bd4 Bb8 64. a7 Bxa7 65. Bxa7 Kg7 66. Be3 Kh7 67. Ke6 Kg7 68. Bg5 1-0

[Event "Vratsa op (Women)"]
[Site "Vratsa"]
[Date "2015.07.22"]
[Round "3"]
[White "Cosma, Elena Luminita"]
[Black "Raeva, Elitsa"]
[Result "1/2-1/2"]
[WhiteElo "2326"]
[BlackElo "2278"]
[PlyCount "62"]
[EventDate "2015.07.20"]
[EventType "swiss"]
[EventRounds "9"]
[EventCountry "BUL"]
[SourceTitle "CBM 167 Extra"]
[Source "ChessBase"]
[SourceDate "2015.09.14"]
[SourceVersion "1"]
[SourceVersionDate "2015.09.14"]
[SourceQuality "1"]

1. d4 Nf6 2. Nf3 c5 3. d5 b5 4. Bg5 Ne4 5. Bh4 Bb7 6. a4 Qa5+ 7. Nbd2 Bxd5 8. axb5 Qb6 9. Nxe4 Bxe4 10. Nd2 Bb7 11. e4 g5 12. Bxg5 Bg7 13. c3 Qg6 14. Be3 d6 15. Be2 Nd7 16. 0-0 h5 17. Re1 h4 18. Bf1 Rg8 19. Ra4 Nb6 20. Ra2 d5 21. Bxc5 dxe4 22. Qe2 Nd5 23. Nxe4 Be5 24. Qf3 Kf8 25. Nd2 Bd6 26. Bxd6 Qxd6 27. Nc4 Nf4 28. Qxb7 Nh3+ 29. Kh1 Nxf2+ 30. Kg1 Nh3+ 31. Kh1 Nf2+ 1/2-1/2